000 00548 a2200169 4500
003 OSt
005 20231107135126.0
008 231107b |||||||| |||| 00| 0 eng d
020 _a9789391938062
040 _coclc
082 _a894.8124
_bVAL/M
100 _aVallikunnu, Balakrishnan
_91906
245 _aMoyinkutty Vaidyar Prathibhayum Jeevithavum /
_cK K Muhammed Abdul Kareem, Balakrishnan Vallikunnu
260 _aKerala:
_bYuvatha book house,
300 _a190p
942 _2ddc
_cBK
_h894.8124
_iVAL/M
_k894.8124
_mVAL/M
999 _c42852
_d42852